Discusión
में बचाया:
| मुख्य लेखक: | |
|---|---|
| स्वरूप: | पुस्तक |
| भाषा: | स्पेनिश |
| प्रकाशित: |
Buenos Aires
Emecé
1957
|
| श्रृंखला: | Obras Completas de Jorge Luis Borges, 6
|
| विषय: | |
| टैग: |
टैग जोड़ें
कोई टैग नहीं, इस रिकॉर्ड को टैग करने वाले पहले व्यक्ति बनें!
|
MARC
| LEADER | 00000nam a2200000 a 4500 | ||
|---|---|---|---|
| 001 | UCZ4017 | ||
| 003 | CL-VaPUC | ||
| 008 | 951106e19570000AG |||||||||||||||||spa|d | ||
| 082 | 0 | 4 | |a Ar864 |b BOR |2 21 |
| 100 | |a Borges, Jorge Luis |e autor |9 322093 | ||
| 245 | 1 | 0 | |a Discusión |
| 300 | |a 180 p | ||
| 942 | |c BK | ||
| 945 | |d 19951106 00:00:00 |a rbrito | ||
| 260 | |a Buenos Aires |b Emecé |c 1957 | ||
| 650 | 0 | |a Ensayos argentinos |9 269128 | |
| 583 | |a last modification |c 19951106 00:00:00 |k Rodrigo Vera | ||
| 490 | 0 | |a Obras Completas de Jorge Luis Borges, 6 | |
| 999 | |c 240456 |d 240454 | ||
| 952 | |0 0 |1 0 |4 0 |6 AR_864_000000000000000_BOR_1957 |7 0 |8 A |9 252333 |a BIBEDU |b BIBEDU |d 2019-11-18 |i 3144623 |o Ar864 BOR 1957 |p 3144623 |r 2019-11-18 |w 2019-11-18 |y BK |k LIT | ||
| 952 | |0 0 |1 0 |4 0 |6 AR_864_000000000000000_BOR_1957 |7 0 |8 A |9 252334 |a BIBEDU |b BIBEDU |d 2019-11-18 |i 3164853 |o Ar864 BOR 1957 |p 3164853 |r 2019-11-18 |w 2019-11-18 |y BK |k LIT | ||